000 00291nam a2200109 4500
008 180208b xxu||||| |||| 00| 0 eng d
245 _aNew anti-HIV vaccine presented.
260 _aPhilippines:
_bManila Bulletin,
_cc2016.
300 _apage 5.
650 0 _926270
_aAIDS/HIV.
942 _2ddc
_cPER
999 _c8502
_d8502